Central Library OPAC University of Rajshahi
Normal view MARC view

Entry Topical Term

Number of records used in: 2

001 - CONTROL NUMBER

  • control field: 3246

003 - CONTROL NUMBER IDENTIFIER

  • control field: BD-RjUL

005 - DATE AND TIME OF LATEST TRANSACTION

  • control field: 20220529153417.0

008 - FIXED-LENGTH DATA ELEMENTS

  • fixed length control field: 220529|| aca||aabn | a|a d

040 ## - CATALOGING SOURCE

  • Original cataloging agency: BD-RjUL
  • Transcribing agency: BD-RjUL

150 ## - HEADING--TOPICAL TERM

  • Topical term or geographic name entry element: Folk literature
  • Form subdivision: Folklore
  • Geographic subdivision: Pabna region

670 ## - SOURCE DATA FOUND

  • Source citation: Work cat.: (BD-RjUL)79868: হোসেন, এস. এম. আশরাফুল 3244, বাংলাদেশের লৌকিক ছড়া :, ২০০৭